000 01128nam a2200265 i 4500
001 000045225
003 DO-SdBNP
005 20250916104001.0
007 ta
008 150212s1981 dr a 000 j spa d
040 _aDO-SdBNP
_bspa
_cBNPHU
_erda
041 _aspa
082 _axxx
_bG491
_222
100 1 _aGimbernard Pellerano, Jacinto Carlos,
_d1931-
_eautor
_4aut.
_962112
245 1 0 _aSiete historias de divorcio /
_cJacinto Carlos Gimbernard.
264 1 _aSanto Domingo :
_bEditora Taller,
_c1981.
300 _a192 paginas :
_bilustrados ;
_c23 cm.
336 _atexto
_btxt
_2rdacontent
337 _asin mediación
_bn
_2rdamedia
338 _avolumen
_bnc
_2rdacarrier
520 _aPor que he escrito una serie de historias de divorcio. Una de las respuestas podría estar metida dentro de la entusiasta cooperación que encontré en las personas a las cuales manifesté mi interés por estudiar el proceso de deterioro y desintegración del revoltijo amoroso-sexual-afectivo que una vez existió en la pareja que contrajo matrimonio.
590 _aInventariado, 2024 / DG
910 _aDG
942 _2ddc
_cLBS1
999 _c44714
_d44714